Fish Packaging technology: materials and methods (Record no. 14854)
[ view plain ]
| 000 -LEADER | |
|---|---|
| fixed length control field | 00484nam a22001817a 4500 |
| 003 - CONTROL NUMBER IDENTIFIER | |
| control field | OSt |
| 008 - FIXED-LENGTH DATA ELEMENTS--GENERAL INFORMATION | |
| fixed length control field | 230302b |||||||| |||| 00| 0 eng d |
| 020 ## - INTERNATIONAL STANDARD BOOK NUMBER | |
| ISBN | 8170224527 |
| 020 ## - INTERNATIONAL STANDARD BOOK NUMBER | |
| ISBN | 9788170224525 |
| 041 ## - LANGUAGE CODE | |
| Language code of text/sound track or separate title | eng |
| 082 ## - DEWEY DECIMAL CLASSIFICATION NUMBER | |
| Classification number | 664.949 |
| Item number | GOP/FI |
| 245 ## - TITLE STATEMENT | |
| Title | Fish Packaging technology: materials and methods |
| 260 ## - PUBLICATION, DISTRIBUTION, ETC. (IMPRINT) | |
| Place of publication | New Delhi |
| Name of publisher | Concept publishing company |
| Year of publication | 1993 |
| 300 ## - PHYSICAL DESCRIPTION | |
| Number of Pages | 220p |
| 700 ## - ADDED ENTRY--PERSONAL NAME | |
| Personal name | Gopakumar, K (Editor) |
| 700 ## - ADDED ENTRY--PERSONAL NAME | |
| Personal name | Dehadrai (foreword) |
| 942 ## - ADDED ENTRY ELEMENTS (KOHA) | |
| Koha item type | Books |
| Withdrawn status | Lost status | Damaged status | Collection code | Home library | Current library | Shelving location | Date acquired | Source of acquisition | Cost, normal purchase price | Full call number | Accession Number | Koha item type |
|---|---|---|---|---|---|---|---|---|---|---|---|---|
| KAUAET | KAUAET | General Stacks | 30/03/2017 | Penta Book Distributors | 600.00 | 664.949 GOP/FI | 25181 | Books | ||||
| KAUAET | KAUAET | General Stacks | 30/03/2017 | Penta Book Distributors | 600.00 | 664.949 GOP/FI | 25182 | Books | ||||
| KAUAET | KAUAET | General Stacks | 30/03/2017 | Penta Book Distributors | 600.00 | 664.949 GOP/FI | 25183 | Books |
